000 00549nam a2200145Ia 4500
008 151213s9999 xx 000 0 und d
100 _aআনিছুজ্জামান।
245 _aমুহাম্মদ শহিদুল্লাহ
_cআনিছুজ্জামান।
260 _aঢাকা
_bবাংলাদেশ শিশু একাডেমী।
_c1982
300 _a8717 p.
650 _aBangla
650 _aজীবনী গ্রন্থ
700 _aআনিছুজ্জামান।
999 _c4503
_d4503